Насилие ; (Record no. 120940)
[ view plain ]
| 000 -LEADER | |
|---|---|
| fixed length control field | 00702nam a2200205 a 4500 |
| 001 - CONTROL NUMBER | |
| control field | 000324466 |
| 003 - CONTROL NUMBER IDENTIFIER | |
| control field | AM-YeHGA |
| 005 - DATE AND TIME OF LATEST TRANSACTION | |
| control field | 20250617130619.0 |
| 008 - FIXED-LENGTH DATA ELEMENTS--GENERAL INFORMATION | |
| fixed length control field | 040406s1986 ||| r 000 0 rus d |
| 040 ## - CATALOGING SOURCE | |
| Original cataloging agency | AM-YeHGA |
| 041 1# - LANGUAGE CODE | |
| Language code of text/sound track or separate title | rus |
| Language code of original | lav |
| 090 ## - LOCALLY ASSIGNED LC-TYPE CALL NUMBER (OCLC); LOCAL CALL NUMBER (RLIN) | |
| -- | 122293 |
| 100 1# - MAIN ENTRY--PERSONAL NAME | |
| Personal name | Эзера, Регина. |
| 245 10 - TITLE STATEMENT | |
| Title | Насилие ; |
| Remainder of title | Предательство : Романы / |
| Statement of responsibility, etc. | Регина Эзера; Пер. с латыш. В. Дорошенко. |
| 260 ## - PUBLICATION, DISTRIBUTION, ETC. | |
| Place of publication, distribution, etc. | Рига : |
| Name of publisher, distributor, etc. | Лиесма, |
| Date of publication, distribution, etc. | 1986. |
| 300 ## - PHYSICAL DESCRIPTION | |
| Extent | 512 с. |
| Other physical details | ил. |
| 505 0# - FORMATTED CONTENTS NOTE | |
| Formatted contents note | Насилие; Предательство |
| 653 0# - INDEX TERM--UNCONTROLLED | |
| Uncontrolled term | Латышская литература |
| 700 1# - ADDED ENTRY--PERSONAL NAME | |
| Personal name | Дорошенко, Вика |
| Relator term | пер. |
| Relationship | trl |
| Withdrawn status | Lost status | Damaged status | Not for loan | Collection | Home library | Current library | Date acquired | Total checkouts | Full call number | Barcode | Date last seen | Price effective from | Koha item type | Public note |
|---|---|---|---|---|---|---|---|---|---|---|---|---|---|---|
| General | Fundamental Scientific Library | Fundamental Scientific Library | 22/12/2016 | 888.3 | 110057531 | 22/12/2016 | 22/12/2016 | Գրքեր / Books | 30 Days Loan |
ՀՀ Գիտությունների ազգային ակադեմիայի հիմնարար գիտական գրադարան = Fundamental Scientific Library of NAS RA
All site content, except where otherwise noted, is licensed under a